| 000 | 01966nam a2200457Ii 4500 | ||
|---|---|---|---|
| 001 | DIGEDIUOC137 | ||
| 003 | NyNyDIG | ||
| 008 | 140801s2010 sp a ob 000 0 spa d | ||
| 006 | m o d | ||
| 007 | cr ||||||||||| | ||
| 020 |
_a9788490292075 _q(eBook) |
||
| 020 | _z8497889517 | ||
| 020 | _z9788497889513 | ||
| 020 | _z9788497889520 (pbk : Obra completa) | ||
| 020 | _z8497889525 (pbk : Obra completa) | ||
| 035 | _a(OCoLC)892924248 | ||
| 040 |
_aDGITA _beng _erda _epn _cDGITA |
||
| 050 | 1 | 4 | _aPN4784.C615 eBook |
| 100 | 1 |
_aPastor, Lluís, _d1968- _eauthor. |
|
| 245 | 1 | 3 |
_aLa gestión periodística del público. _nII. _pPeriodismo zombi en la era de las audiencias participativas / _cLluís Pastor. |
| 246 | 3 | 0 | _aPeriodismo zombi en la era de las audiencias participativas. |
| 250 | _aPrimera edición en lengua castellana. | ||
| 264 | 1 |
_aBarcelona : _bUniversitat Oberta de Catalunya, _c2010. |
|
| 300 |
_a1 online resource (250 pages) : _billustrations. |
||
| 336 |
_atext _btxt _2rdacontent |
||
| 337 |
_acomputer _bc _2rdamedia |
||
| 338 |
_aonline resource _bcr _2rdacarrier |
||
| 490 | 1 |
_aUOCpress. Comunicación ; _v10 |
|
| 504 | _aIncludes bibliographical references (pages 229-250). | ||
| 588 | 0 | _aOnline resource; title from ePub and PDF title page (Digitalia, viewed August 10, 2014) | |
| 650 | 0 | _aCitizen journalism. | |
| 650 | 0 | _aOnline journalism. | |
| 655 | 0 | _aElectronic books. | |
| 791 | 2 |
_aDigitalia (Firm), _edistributor. |
|
| 793 | 0 |
_gDigitalia eBook Collection: _aUniversitat Oberta de Catalunya. |
|
| 776 | 0 | 8 |
_iPrint version: _aPastor, Lluís. _tGestión periodística del público. II. Periodismo zombi en la era de las audiencias participativas. _dBarcelona : Universitat Oberta de Catalunya, 2010. _z9788497889513 |
| 830 | 0 |
_aComunicación (Editorial UOC) ; _v10 |
|
| 856 | 4 | 0 |
_3Digitalia Hispánica _uhttps://www.digitaliapublishing.com/a/20474/ |
| 910 | _aPremium Collection: 2013 | ||
| 942 | _cRAA | ||
| 999 |
_c236920 _d236920 |
||